Statistics for Kansas Jayhawks 2018-19 Basketball Roster

Click here to take the quiz!

General Stats

  • This quiz has been taken 62 times
  • The average score is 8 of 15

Answer Stats

HintAnswer% Correct
#11Devon Dotson
90%
#0Marcus Garrett
81%
#44Mitch Lightfoot
75%
#35Udoka Azubuike
71%
#1Dedric Lawson
65%
#13KJ Lawson
65%
#24Lagerald Vick
58%
#30Ochai Agbaji
56%
#33David McCormack
54%
#12Chris Teahan
52%
#22Silvio De Sousa
44%
#5Quentin Grimes
42%
#2Charlie Moore
29%
#20Garrett Luinstra
17%
#10Elijah Elliott
15%

Score Distribution

Percentile by Number Answered

Percent of People with Each Score

Your Score History

You have not taken this quiz